[Event "Stay Safe Play From Home 197"]
[Site "T#646544Emanuel Laske"]
[Date "2020.06.03"]
[Round "2"]
[White "Lamborghini"]
[Black "Mepe_Nika"]
[Result "0-1"]
[WhiteElo "2212"]
[BlackElo "2323"]
[Annotator "TA"]
[PlyCount "128"]
[EventDate "2020.06.03"]
[EventType "swiss (blitz)"]

{[%evp 9,128,-26,-29,-88,-18,-14,-20,-16,34,-31,-39,-35,-32,-87,-50,-53,-34,-28,-23,0,0,-25,32,28,67,-45,0,-100,-4,-18,0,-29,-11,-245,-231,-234,-168,-444,-452,-457,-455,-551,-461,-429,-365,-437,-421,-416,-389,-419,-127,-126,-118,-124,-130,-125,-125,-125,-125,-125,-125,-126,-122,-127,0,-163,0,0,16,8,10,8,8,8,6,0,0,0,0,0,829,774,797,802,668,229,215,-441,-300,-751,-592,-1557,-1437,-1048,-317,-1485,-1357,-2157,-1729,-29985,-29986,-29986,-29987,-29987,-29988,-29989,-29990,-29990,-29991,-29991,-29991,-29992,-29993,-29993,-29992,-29992,-29993,-29994,-29993,-29994,-29993]} 1. e4 e5 2. Nf3 Nc6 3. b3 Nf6 4. Bb2 Nxe4 5. Qe2 d5 6. d3 {[#] C44: Ponziani Opening and Scotch Gambit.} (6. Nxe5 $11 Nxe5 7. Bxe5) 6... Nd6 $146 (6... Ng5 $17 7. Nxe5 Nxe5 8. Bxe5 Ne6) ({Predecessor:} 6... Nf6 7. Nxe5 Nxe5 8. Bxe5 Be6 9. g3 Bd6 10. Bg2 O-O 11. Bxd6 Qxd6 12. O-O Bg4 {1-0 (52) Fedoseev,V (2731)-Tekeyev,Z (2380) Sochi 2017}) 7. Nxe5 $11 Nxe5 8. Qxe5+ {The position is equal.} Qe7 (8... Be6 {is more complex.} 9. Nc3 c6 10. O-O-O Qc7 11. Kb1 O-O-O) 9. Nd2 ({White should play} 9. Qxe7+ $14 Bxe7 10. Bxg7) 9... Qxe5+ $15 10. Bxe5 f6 11. Bg3 (11. Bb2 $15) 11... Be7 12. O-O-O O-O 13. Re1 Nf5 14. Bxc7 Ba3+ 15. Kb1 Bd7 (15... Bb4 $11 16. Rd1 Nd4) 16. g4 $14 Nd4 {aiming for ...Rac8.} 17. Bf4 (17. Bg2 $14) 17... Rac8 18. c4 (18. Bg2 $11 Bc6 19. Nf3) 18... Bb4 $40 {[%mdl 128] Black mounts an attack.} (18... dxc4 $17 19. dxc4 Bxg4) 19. Bg2 $11 dxc4 20. dxc4 Bxg4 21. Ne4 $2 (21. Bxb7 $11 {and White stays safe.} Rce8 22. Rxe8 Rxe8 23. Bd5+ Kf8 24. Be3) 21... Bxe1 $19 22. Rxe1 {intending Nd6.} Rfe8 23. Rc1 $2 (23. Be3 Red8 24. Ng3) 23... Ne2 {[%mdl 64] Double Attack} 24. Nd6 Nxf4 25. Nxc8 Rxc8 26. Bxb7 Rb8 27. Bc6 Nd3 28. Rc3 Bf5 29. Ka1 Nxf2 $2 (29... Kf7 $19 {and Black stays clearly on top.} 30. f3 Ke6) 30. Bd5+ $17 Kf8 31. Rf3 {[#]} Be4 $1 {[%cal Re4f3]} 32. Rxf2 Bxd5 33. cxd5 {[%mdl 4096] Endgame KR-KR} Rd8 34. Rd2 Ke7 35. Kb2 Kd6 36. Kc3 f5 (36... Rc8+ $17 37. Kd4 Rc5) 37. Kd4 $2 (37. Re2 $1 $11) 37... g5 $2 (37... Re8 $19 {White must now prevent ...Re4+.} 38. Kd3 Re5) 38. Rc2 $11 Rd7 39. Rc6+ Ke7 40. Re6+ Kf7 41. Ke5 {Rf6+ is the strong threat.} f4 42. Rf6+ Kg7 {Hoping for ...Rxd5+!} 43. Rf5 Kg6 44. Rf6+ Kh5 $2 {[%mdl 8192]} (44... Kg7 $11 45. Rf5 Kg6 46. Rf6+ Kg7) 45. Ke6 $18 Rd8 46. d6 Kg4 47. Rf7 $2 (47. Ke7 Rb8 48. d7) 47... h5 48. h3+ $4 {[%mdl 8192]} (48. Rxa7 $6 f3 $16) (48. b4 $18) 48... Kg3 49. d7 $2 (49. Rxa7 f3 $17) (49. Ke7 Rg8 50. d7) 49... g4 50. Kd6 {[#]} Rxd7+ $3 {[%mdl 576] Promotion} 51. Rxd7 $19 {KR-KP} (51. Kxd7 gxh3) 51... f3 $2 (51... gxh3 {Threatens to win with ...h2.} 52. Rg7+ Kf2) 52. Rf7 $2 ({And not} 52. Rxa7 f2 $19) (52. hxg4 f2 53. gxh5 (53. Rf7 $2 hxg4 54. b4 Kg2 $19)) 52... f2 53. hxg4 hxg4 54. Rxf2 Kxf2 {KPP-KPP. Black mates.} 55. b4 g3 56. b5 g2 57. b6 axb6 {KPP-KP} 58. a4 g1=Q 59. Kc6 Ke2 60. Kb5 Qc5+ 61. Ka6 Qa5+ 62. Kb7 Qxa4 63. Kxb6 Qa3 64. Kb5 Qa2 {Never resign too early! Accuracy: White = 42%, Black = 54%.} 0-1

[Event "Stay Safe Play From Home 197"]
[Site "T#646544Emanuel Laske"]
[Date "2020.06.03"]
[Round "2"]
[White "SoulofWolf"]
[Black "Lazieri3"]
[Result "1-0"]
[WhiteElo "2205"]
[BlackElo "2027"]
[Annotator "TA"]
[PlyCount "85"]
[EventDate "2020.06.03"]
[EventType "swiss (blitz)"]

{[%evp 10,85,13,12,23,-15,-15,-17,-16,-13,-15,-17,-10,-16,0,-196,-65,-79,-71,-231,-61,-239,-233,-229,-127,-375,-118,-184,-189,-214,-206,-196,-171,-416,-187,-244,-236,-316,-301,-273,-214,-191,-184,-302,-283,-461,-310,-508,-489,-541,-340,-512,-430,-408,-256,-336,-340,-358,20,20,1714,1675,2712,2377,5318,2090,1520,1396,1376,1220,1482,1236,1391,1277,1270,1248,1160,1124]} 1. d4 c6 2. Nf3 d5 3. c4 Nf6 4. e3 Bf5 5. a3 e6 6. Nc3 Bd6 {D12: Slav Defence: 3 Nf3 Nf6 4 e3 Bf5.} 7. b4 O-O 8. Bb2 Nbd7 {The position is equal.} 9. c5 Bc7 {[#]} 10. Ne2 $146 ({Predecessor:} 10. Nh4 Bg6 11. Nxg6 hxg6 12. Be2 e5 13. O-O Re8 14. Qb3 exd4 15. exd4 b5 16. a4 {1-0 (32) Abrosimov,N (1691)-Kornijuk,A (1311) Gelendzhik 2017}) 10... a6 11. Ng3 Bg6 12. h4 $2 {[#]} (12. Be2 $11 {and White stays safe.}) 12... h6 ({Better is} 12... Bxg3 $1 $19 13. fxg3 Ng4) 13. h5 Bh7 14. Bd3 $2 (14. Rh3 $17 {was called for.}) 14... Ne4 $2 (14... Bxd3 $19 15. Qxd3 Bxg3 16. fxg3 Ne4) 15. Qc2 $2 (15. Ne2 $15) 15... Bxg3 $19 16. fxg3 f5 ({Black should play} 16... Ndf6 $19 17. Rh4 Nxg3 18. Bxh7+ Nxh7) 17. g4 $2 {[#]} (17. Rh3 $17) 17... Ng3 $2 (17... fxg4 $19 {is more deadly.} 18. Nd2 Qg5 19. Bxe4 Qxe3+ {[%mdl 64] Double Attack, Pin} 20. Kd1 dxe4) 18. Rh3 (18. Rh4 $17) 18... Ne4 19. gxf5 Bxf5 20. Rh4 Ndf6 21. Ne5 $2 (21. O-O-O) 21... Ng3 (21... Ng4 $142 22. Nf3 Ng5) 22. Rf4 (22. O-O-O $142) 22... Bxd3 ({Don't play} 22... Nfxh5 23. Rf3) 23. Qxd3 Nfe4 ({Not} 23... Ngxh5 24. Rf3 $17) (23... Nfxh5 24. Rxf8+ Qxf8 25. O-O-O $17) 24. O-O-O Rxf4 ({Don't take} 24... Nxh5 25. Rxf8+ Qxf8 26. Rf1 $17) 25. exf4 Nxh5 26. Rf1 (26. Qf3 $142 Nhf6 27. Bc3) 26... Qh4 27. Rf3 $2 (27. Kc2 {might work better.}) 27... Rf8 28. Qf1 $2 (28. Ng6 Qh1+ 29. Qd1 Qxg2 30. Nxf8 Kxf8 31. f5) 28... Nhg3 29. Qe1 {If only White now had time for Ng6....} Rxf4 30. Nd3 (30. Ng6 $142 Rxf3 31. Nxh4) 30... Rxf3 31. gxf3 Nf6 32. Kb1 Qh3 33. Bc1 Nf5 $2 (33... h5 $19 {And now ...h4 would win.} 34. Bf4 h4) 34. Nf4 Nxd4 $2 {[%mdl 8192]} (34... Qxf3 $11 35. Qxe6+ {[%mdl 64] Double Attack} Kh7 36. Qxf5+ Kg8) 35. Nxh3 $18 {White is clearly winning.} Nxf3 36. Qxe6+ Kh7 37. Bxh6 Kxh6 38. Nf4 Kg5 39. Nd3 Kh4 40. Qf5 Ng5 41. Nf4 Nfe4 42. Ng6+ Kg3 43. Qf4+ {What a bad dream for Black. Accuracy: White = 27%, Black = 37%.} 1-0

[Event "Stay Safe Play From Home 197"]
[Site "T#646544Emanuel Laske"]
[Date "2020.06.03"]
[Round "2"]
[White "Fischer_11"]
[Black "Little champs"]
[Result "0-1"]
[WhiteElo "2088"]
[BlackElo "2204"]
[Annotator "NA RC"]
[PlyCount "122"]
[EventDate "2020.06.03"]
[EventType "swiss (blitz)"]

1. e4 {[%emt 0:00:03]} c6 {[%emt 0:00:00]} 2. d4 {[%emt 0:00:03]} d5 {[%emt 0:00:00]} 3. exd5 {[%emt 0:00:00]} cxd5 {[%emt 0:00:01]} 4. c4 {[%emt 0:00:00]} e6 {[%emt 0:00:00]} 5. c5 {[%emt 0:00:01]} b6 {[%emt 0:00:01]} 6. b4 {[%emt 0:00:01]} a5 {[%emt 0:00:01]} 7. b5 {[%emt 0:00:03]} bxc5 {[%emt 0:00:01]} 8. dxc5 {[%emt 0:00:00]} Bxc5 {[%emt 0:00:01]} 9. a4 {[%emt 0:00:00]} Qb6 {[%emt 0:00:01]} 10. Qe2 {[%emt 0:00:03]} Nf6 {[%emt 0:00:01]} 11. Be3 {[%emt 0:00:01]} Bxe3 {[%emt 0:00:02]} 12. Qxe3 {[%emt 0:00:00]} Qxe3+ {[%emt 0:00:01]} 13. fxe3 {[%emt 0:00:00]} Nbd7 {[%emt 0:00:00]} 14. Nc3 {[%emt 0:00:01]} Nb6 {[%emt 0:00:01]} 15. Nf3 {[%emt 0:00:01]} Bd7 {[%emt 0:00:00]} 16. Ne5 {[%emt 0:00:01]} Rc8 {[%emt 0:00:01]} 17. Kd2 {[%emt 0:00:01]} Ke7 {[%emt 0:00:01]} 18. Bd3 {[%emt 0:00:01]} Rhd8 {[%emt 0:00:01]} 19. h3 {[%emt 0:00:01]} h6 {[%emt 0:00:00]} 20. g4 {[%emt 0:00:01]} Be8 {[%emt 0:00:00]} 21. Rhd1 {[%emt 0:00:02]} d4 {[%emt 0:00:01]} 22. exd4 {[%emt 0:00:01]} Rxd4 {[%emt 0:00:01]} 23. Ne2 {[%emt 0:00:03]} Rxa4 {[%emt 0:00:03]} 24. Rxa4 {[%emt 0:00:01]} Nxa4 {[%emt 0:00:01]} 25. Ra1 {[%emt 0:00:01]} Nb2 {[%emt 0:00:01]} 26. Rxa5 {[%emt 0:00:02]} Nxd3 {[%emt 0:00:00]} 27. Kxd3 {[%emt 0:00:05]} Nd5 {[%emt 0:00:03]} 28. Nd4 {[%emt 0:00:02]} Nb4+ {[%emt 0:00:05]} 29. Ke4 {[%emt 0:00:03]} Nd5 {[%emt 0:00:01]} 30. Ndc6+ {[%emt 0:00:01]} Kf6 {[%emt 0:00:04]} 31. Ra7 {[%emt 0:00:04]} Nc3+ {[%emt 0:00:01]} 32. Kd3 {[%emt 0:00:05]} Nxb5 {[%emt 0:00:01]} 33. Rb7 {[%emt 0:00:03]} Nd6 {[%emt 0:00:02]} 34. Ke3 {[%emt 0:00:00]} Nxb7 {[%emt 0:00:01]} 35. Nd4 {[%emt 0:00:00]} Kxe5 {[%emt 0:00:01]} 36. Nf3+ {[%emt 0:00:00]} Kf6 {[%emt 0:00:01]} 37. h4 {[%emt 0:00:00]} Ke7 {[%emt 0:00:00]} 38. g5 {[%emt 0:00:00]} Nd6 {[%emt 0:00:00]} 39. Kf2 {[%emt 0:00:01]} hxg5 {[%emt 0:00:01]} 40. hxg5 {[%emt 0:00:00]} f6 {[%emt 0:00:00]} 41. g6 {[%emt 0:00:00]} Bxg6 {[%emt 0:00:01]} 42. Nh4 {[%emt 0:00:00]} Bf7 {[%emt 0:00:01]} 43. Ng2 {[%emt 0:00:00]} Ne4+ {[%emt 0:00:01]} 44. Kf3 {[%emt 0:00:01]} f5 {[%emt 0:00:00]} 45. Nf4 {[%emt 0:00:00]} Ng5+ {[%emt 0:00:00]} 46. Kg3 {[%emt 0:00:01]} e5 {[%emt 0:00:00]} 47. Nd3 {[%emt 0:00:00]} Kf6 {[%emt 0:00:01]} 48. Kh4 {[%emt 0:00:00]} Nf3+ {[%emt 0:00:01]} 49. Kh3 {[%emt 0:00:01]} e4 {[%emt 0:00:00]} 50. Ne5 {[%emt 0:00:00]} Kxe5 {[%emt 0:00:01]} 51. Kg3 {[%emt 0:00:00]} f4+ {[%emt 0:00:01]} 52. Kg2 {[%emt 0:00:00]} Nh4+ {[%emt 0:00:01]} 53. Kh1 {[%emt 0:00:00]} g5 {[%emt 0:00:00]} 54. Kg1 {[%emt 0:00:00]} Rc2 {[%emt 0:00:01]} 55. Kh1 {[%emt 0:00:00]} Kd4 {[%emt 0:00:01]} 56. Kg1 {[%emt 0:00:00]} Ke3 {[%emt 0:00:00]} 57. Kf1 {[%emt 0:00:00]} Rf2+ {[%emt 0:00:01]} 58. Kg1 {[%emt 0:00:00]} Kf3 {[%emt 0:00:01]} 59. Kh1 {[%emt 0:00:00]} Kg3 {[%emt 0:00:01]} 60. Kg1 {[%emt 0:00:00]} e3 {[%emt 0:00:00]} 61. Kh1 {[%emt 0:00:01]} Rf1# {[%emt 0:00:00] (Lag: Av=0.60s, max=2.5s)} 0-1

[Event "Stay Safe Play From Home 197"]
[Site "T#646544Emanuel Laske"]
[Date "2020.06.03"]
[Round "2"]
[White "buzaglo"]
[Black "Matanant"]
[Result "1-0"]
[WhiteElo "1938"]
[BlackElo "1648"]
[Annotator "TA"]
[PlyCount "65"]
[EventDate "2020.06.03"]
[EventType "swiss (blitz)"]

{[%evp 9,65,37,44,25,47,24,58,26,42,16,27,9,83,58,62,52,67,51,53,0,18,-12,33,12,45,18,18,-36,-1,-19,33,-3,27,-75,0,-73,-47,-81,43,32,93,0,0,0,0,-37,0,-18,0,0,0,-8,28,31,46,-3,-3,-184]} 1. d4 d5 2. Nf3 e6 3. g3 Nf6 4. Bg2 Ne4 5. O-O f5 6. Nbd2 {D02: 1 d4 d5 2 Nf3 sidelines, including 2...Nf6 3 g3 and 2...Nf6 3 Bf4.} Bd6 7. c4 c6 {[#]} 8. c5 $146 {White is slightly better.} ({Predecessor:} 8. cxd5 exd5 9. Nb3 Be6 10. Bd2 Na6 11. Rc1 Qe7 12. Bc3 O-O-O 13. Nfd2 Kb8 14. a3 {0-1 (28) Gaspar,Z (1618)-Kellner,N (1685) Playchess.com INT 2020}) 8... Be7 9. b4 O-O 10. Qc2 Bd7 (10... a5 $11) 11. Bb2 Be8 12. Ne5 Nd7 13. Nxd7 Qxd7 14. f3 (14. Nf3 $14) 14... Nf6 15. Rae1 g6 16. e4 Bf7 17. exf5 exf5 18. a4 (18. Nb3 $11) 18... Bd8 (18... f4 $5) 19. Bc3 a6 ({Black should play} 19... g5 $11) 20. Nb3 Bc7 21. Nd2 (21. Bh3 $11) 21... Rfe8 (21... g5 $17) 22. b5 (22. f4 $11 {keeps the balance.}) 22... axb5 $17 23. axb5 Kg7 (23... cxb5 $17 24. Rxe8+ Rxe8) 24. b6 $14 Bb8 (24... Bd8 $14) 25. Ra1 (25. Nb3 $16) 25... Rxa1 $11 26. Rxa1 f4 27. g4 h6 28. Ra8 Qe7 {[#] Threatens to win with ...Qe3+.} 29. Nf1 h5 30. g5 Nh7 31. h4 Nf8 32. Bd2 Ne6 33. Qd3 $2 {[%mdl 32768] Accuracy: White = 43%, Black = 48%. . Loss on time!?} (33. Bc3 $11 {and White has nothing to worry.}) 1-0

[Event "Stay Safe Play From Home 197"]
[Site "T#646544Emanuel Laske"]
[Date "2020.06.03"]
[Round "2"]
[White "EL sanbary"]
[Black "Edmatuag"]
[Result "1-0"]
[WhiteElo "1903"]
[BlackElo "1646"]
[Annotator "TA"]
[PlyCount "123"]
[EventDate "2020.06.03"]
[EventType "swiss (blitz)"]

{[%evp 9,123,47,50,10,35,26,105,32,108,107,472,32,32,26,61,29,33,0,50,-8,110,96,91,76,64,42,37,-18,-20,-51,-14,-13,11,10,10,0,11,13,10,9,14,0,0,0,0,-10,0,0,-6,-17,-17,-17,-3,-18,-17,-30,-5,-15,0,0,0,0,77,77,65,68,58,-8,-10,-14,0,0,0,0,-2,-32,0,0,0,0,0,-19,0,0,0,-20,0,-19,-9,-20,-20,-20,0,0,0,0,0,0,0,0,0,0,0,0,0,0,0,0,0,0,0,0,0,0,0,-3]} 1. c4 d5 2. cxd5 Qxd5 3. Nc3 Qd8 4. g3 Nc6 5. Bg2 e5 6. Nf3 {A10: English Opening: Unusual Replies for Black.} (6. Bxc6+ $5 bxc6 7. Nf3 $14) 6... a6 7. O-O {[#]} Be6 $146 (7... Nf6 $11) ({Predecessor:} 7... Be7 8. d3 Nf6 9. a3 O-O 10. b4 h6 11. Bb2 Rb8 12. Rc1 Be6 13. Na4 e4 {1-0 (34) Vladimirov,V (2167)-Asani,A Skopje 2011}) 8. d3 (8. e3 $16) 8... Nf6 (8... Be7 $14) 9. Ng5 $16 Bf5 $2 {[%mdl 8192] [#]} (9... Qd6 $16 {is a better chance.}) 10. Nge4 $2 ({White has to play} 10. Qb3 $1 $18 {[%csl Gg5][%cal Rb3f7][%mdl 512]} Qb8 11. Qxf7+ Kd8 12. Be3) 10... Nxe4 $14 11. Nxe4 Be6 12. Be3 Be7 13. b3 O-O 14. Rc1 (14. Nc5 $14) 14... f5 (14... Bd5 $11) 15. Nc5 $16 Bxc5 16. Bxc5 Rf7 17. Qc2 Bd5 18. Bxd5 ({Better is} 18. e4 $14 Be6 19. exf5 Bxf5 20. Rfe1) 18... Qxd5 $11 19. Qb2 Nd4 (19... b6 {feels hotter.} 20. Ba3 a5 21. e3 Nb4 22. Bxb4 axb4 23. Qc2 c5) 20. Bxd4 Qxd4 21. Qxd4 exd4 {[%mdl 4096] Endgame KRR-KRR} 22. Rc2 Rd8 23. Rfc1 c6 24. Kf1 Rfd7 25. Rd1 g6 26. Rc5 Kf7 27. Re5 Kf6 28. Rc5 Rd5 29. Rxd5 Rxd5 {KR-KR} 30. Rc1 Ra5 31. Rc2 Ke5 32. Ke1 Kd5 33. Kd2 c5 34. h3 b5 35. h4 c4 (35... b4 $11 {keeps the balance.}) 36. dxc4+ $16 bxc4 37. bxc4+ Kc5 38. Kd3 (38. e3 $14) 38... Ra3+ $11 39. Kd2 h6 40. Kd1 g5 41. hxg5 hxg5 42. Kd2 g4 43. Kd1 {The position is equal.} Ra4 44. Kd2 Rxc4 45. Rb2 Rb4 46. Rc2+ Kd5 47. Kd3 a5 48. e3 Ra4 {aiming for ...Ra3+.} 49. exd4 Rxd4+ 50. Ke3 a4 51. f3 gxf3 52. Kxf3 Rd3+ 53. Kf4 Ra3 54. Kxf5 {[#] g4 is the strong threat.} Rxg3 55. Rd2+ Kc4 56. Ke5 Rd3 57. Re2 Kb4 58. Re4+ Ka3 59. Re2 Rc3 60. Ke4 Rc1 61. Kd4 Rb1 62. Kc3 {[%mdl 32768] Accuracy: White = 75%, Black = 70%. . Sensor Board Error (Ke4/e5)?} 1-0

[Event "Stay Safe Play From Home 197"]
[Site "T#646544Emanuel Laske"]
[Date "2020.06.03"]
[Round "2"]
[White "Trotsky"]
[Black "Haxhi Baha"]
[Result "0-1"]
[WhiteElo "1578"]
[BlackElo "1991"]
[Annotator "TA"]
[PlyCount "40"]
[EventDate "2020.06.03"]
[EventType "swiss (blitz)"]

{[%evp 9,40,22,26,0,0,-38,-30,-83,-69,-103,-60,-65,-45,-176,-162,-190,-153,-160,-162,-181,-145,-170,-171,-363,-155,-304,-187,-347,-237,-933,-920,-1739,-1722]} 1. d4 d5 2. e3 e6 3. c4 c6 4. Nc3 Bd6 5. Nf3 Nf6 6. c5 {D45: Semi-Slav: 5 e3.} Be7 7. Bd3 b6 {[%cal Bb7b6,Bb6c5,Bc5c4][%mdl 32] [#]} 8. Qc2 $146 (8. cxb6 $11 {keeps the balance.} axb6 9. O-O) ({Predecessor:} 8. cxb6 axb6 9. O-O O-O 10. Qc2 c5 11. dxc5 bxc5 12. Rd1 Bb7 13. Nd2 Bd6 14. Nb5 {0-1 (35) Vardanyan,A-Vasiliadis,A (1634) Mureck 2011}) 8... bxc5 $17 9. Bd2 c4 10. Be2 Nbd7 11. O-O-O {This move loses the game for White.} (11. b3 $15) 11... Rb8 12. Kb1 Qb6 13. Ka1 c5 14. Rb1 {intending b3.} cxd4 15. exd4 O-O 16. Ng5 $2 {[#]} (16. b3 {was necessary.} Qc6 17. bxc4) 16... h6 (16... Qxd4 $19 {has better winning chances.} 17. Be3 Qe5) 17. h4 (17. Nf3 $17 {is the only way for White.}) 17... Bb4 18. Na4 $2 (18. g4) 18... Qa5 19. b3 $2 (19. Bxb4 Rxb4 20. Nc3) 19... Bxd2 $19 20. Qxd2 Qxd2 {Accuracy: White = 11%, Black = 39%.} 0-1

[Event "Stay Safe Play From Home 197"]
[Site "T#646544Emanuel Laske"]
[Date "2020.06.03"]
[Round "2"]
[White "Abhi46698"]
[Black "GIULIO19031975"]
[Result "0-1"]
[WhiteElo "1191"]
[BlackElo "1770"]
[Annotator "NA RC"]
[PlyCount "44"]
[EventDate "2020.06.03"]
[EventType "swiss (blitz)"]

1. d4 {[%emt 0:00:03]} d5 {[%emt 0:00:06]} 2. Bf4 {[%emt 0:00:00]} Nc6 {[%emt 0:00:01]} 3. e3 {[%emt 0:00:01]} Nf6 {[%emt 0:00:01]} 4. c3 {[%emt 0:00:01]} e5 {[%emt 0:00:02]} 5. Bd3 {[%emt 0:00:00]} e4 {[%emt 0:00:01]} 6. Be2 {[%emt 0:00:02]} Be6 {[%emt 0:00:01]} 7. Qb3 {[%emt 0:00:06]} Bd6 {[%emt 0:00:00]} 8. Bg3 {[%emt 0:00:03]} Bxg3 {[%emt 0:00:01]} 9. hxg3 {[%emt 0:00:00]} Qd7 {[%emt 0:00:02]} 10. Nh3 {[%emt 0:00:02]} Rb8 {[%emt 0:00:00]} 11. Nf4 {[%emt 0:00:02]} g5 {[%emt 0:00:02]} 12. Nxe6 {[%emt 0:00:01]} fxe6 {[%emt 0:00:01]} 13. Bh5+ {[%emt 0:00:03]} Kd8 {[%emt 0:00:01]} 14. Nd2 {[%emt 0:00:06]} e5 {[%emt 0:00:02]} 15. dxe5 {[%emt 0:00:08]} Nxe5 {[%emt 0:00:01]} 16. O-O-O {[%emt 0:00:02]} Nd3+ {[%emt 0:00:01]} 17. Kb1 {[%emt 0:00:03]} Nxf2 {[%emt 0:00:01]} 18. Rhf1 {[%emt 0:00:05]} Nxd1 {[%emt 0:00:01]} 19. Qxd1 {[%emt 0:00:05]} Nxh5 {[%emt 0:00:03]} 20. Nxe4 {[%emt 0:00:03]} dxe4 {[%emt 0:00:01]} 21. Qxd7+ {[%emt 0:00:02]} Kxd7 {[%emt 0:00:00]} 22. Rf7+ {[%emt 0:00:02]} Ke6 {[%emt 0:00:01] Time (Lag: Av=0.60s, max=1.0s)} 0-1

[Event "Stay Safe Play From Home 197"]
[Site "T#646544Emanuel Laske"]
[Date "2020.06.03"]
[Round "3"]
[White "Mepe_Nika"]
[Black "SoulofWolf"]
[Result "1/2-1/2"]
[WhiteElo "2334"]
[BlackElo "2214"]
[Annotator "TA"]
[PlyCount "137"]
[EventDate "2020.06.03"]
[EventType "swiss (blitz)"]

{[%evp 9,136,11,14,14,62,31,50,54,82,86,151,150,153,145,156,166,313,187,182,120,121,69,204,119,436,179,336,163,161,170,170,87,102,110,605,603,550,393,398,325,412,372,413,346,407,352,754,747,780,768,1743,1353,29983,544,538,533,925,843,805,360,646,631,29999,908,1051,1023,997,403,452,264,458,397,901,217,660,653,742,741,886,878,1837,1724,1718,1306,5190,3334,29940,2603,29987,29988,29989,29972,29987,29980,29986,29987,29992,29988,29991,29988,29991,29989,29999,29991,29991,29988,29989,29983,29984,29974,29992,29990,29992,29975,29992,4833,29993,29994,29995,29995,29996,29997,29998,29999,29999,29998,29998,29998,29998]} 1. d4 d5 2. Bf4 e6 3. e3 Nd7 4. Nf3 Bd6 5. Bg3 Bxg3 6. hxg3 {[#] D00: 1 d4 d5: Unusual lines.} h6 $146 ({Predecessor:} 6... Ngf6 7. Bd3 h6 8. Nbd2 c5 9. c3 c4 10. Bc2 b5 11. b4 a5 12. a3 Bb7 {0-1 (43) Aguadero Casado,J (1652)-Marabajan Navas,S (1728) Barcelona 2019}) 7. c4 c6 8. g4 {White is slightly better.} Ngf6 9. g5 Ng8 (9... Ne4 $142) 10. Nc3 $16 b6 11. Bd3 Bb7 12. cxd5 cxd5 (12... exd5 {might work better.} 13. Qc2 Ne7 14. gxh6 gxh6) 13. Rc1 (13. Nb5 $142) 13... a6 $18 14. Qe2 (14. Ne2 $18) 14... b5 $16 15. e4 ({White should try} 15. Qd1 $16) 15... Nb6 {[#]} ({Better is} 15... Rc8 $14) 16. e5 (16. g6 $1 $18 {[%mdl 512]} fxg6 17. exd5 Nxd5 18. Qe5 (18. Bxg6+ Kf8 $18) (18. Qxe6+ Qe7 $18)) 16... Qd7 $2 {[%mdl 8192] [#]} (16... Ne7 $16 {is more resistant.}) 17. b3 (17. Nxb5 $142 $1 {[%mdl 512]} Nc4 (17... axb5 18. Bxb5) 18. Bxc4) 17... Ke7 $2 (17... Ne7 18. gxh6 gxh6) 18. gxh6 (18. g6 $142) 18... Rxh6 $18 19. Rxh6 Nxh6 20. Kd2 (20. Qd2 $18) 20... Rc8 21. Qe3 Ng4 $2 {[%mdl 8192]} (21... Qd8 $16) 22. Qg5+ {[%mdl 64] Double Attack} Nf6 23. exf6+ gxf6 24. Qe3 Rg8 25. g3 Qd6 26. Ne2 {[%cal Bc3e2,Be2d4,Bd4f5][%mdl 32]} Nd7 27. Kd1 e5 $2 (27... Rc8 28. Rxc8 Bxc8) 28. dxe5 fxe5 29. Ned4 {White wants to mate with Nf5+.} Kf8 30. Nf5 Qf6 {[#]} 31. Qh6+ (31. Qa7 $142 $1 Qxf5 32. Bxf5 Kg7 33. Qxb7 {[%mdl 64] Double Attack} a5 34. Qxd7 Rh8 35. Ng5 Rh1+ {[#]} 36. Ke2 $1 {[%mdl 512]} Re1+ 37. Rxe1 Kh6 38. Qxf7 Kxg5 39. Qg6#) 31... Qxh6 32. Nxh6 Rg7 33. Nf5 Rg6 34. N3h4 (34. Rc7 $142 Ke8 35. Rxb7) 34... Rb6 $2 (34... Rc6 35. f4 Ke8 36. Rxc6 Bxc6 37. fxe5 Nxe5) 35. Rc7 Bc6 36. Nd6 (36. Rc8# $142) 36... Ke7 37. Nhf5+ Ke6 38. Rc8 (38. Nc8 $142) 38... Nf6 39. Be2 (39. Rf8 $142) 39... e4 $2 (39... Bd7) 40. g4 Ke5 $2 (40... Bd7 41. Rf8 Rxd6 42. Nxd6 Kxd6 43. Rxf7 Ke6) 41. g5 $2 (41. Nxf7+ Ke6 42. Nd8+ Kd7 43. Rxc6 Rxc6 44. Nxc6 Kxc6 45. g5) 41... Nd7 $2 (41... Bd7 42. gxf6 Bxc8 43. Nxc8 Rxf6) 42. Rc7 Nc5 43. Nc8 Rb7 44. Rxc6 Nd3 45. Bxd3 exd3 46. Ne3 Kd4 47. Nb6 Ke4 48. Nbxd5 Rb8 49. Kd2 Rh8 50. Rc7 Kd4 51. Re7 Kc5 52. Kxd3 Kd6 53. Rc7 Rh1 54. Ra7 Ke5 55. Rxa6 {[%csl Gd5][%cal Rf2f4]} Re1 56. Kd2 Ra1 57. Ke2 Rb1 58. Ra5 Rb2+ 59. Kf3 f6 60. Rxb5 Ke6 61. Nc3 Rxb3 62. Ne4 (62. axb3 $142 fxg5 63. Rd5 Kf7 64. Kg4 Kf6 65. Ne4+ Kf7 66. Nxg5+ Kf8 67. Nf5 Ke8 68. f4 Kf8 69. Rd8#) 62... Kf7 63. Rxb3 {White mates.} Kg6 64. gxf6 Kh5 65. f7 Kh4 66. Rb5 Kh3 67. Rb6 {[%cal Rb6h6]} Kh2 68. Rh6+ Kg1 69. Rh7 {Accuracy: White = 35%, Black = 21%.} 1/2-1/2